000 00322nam a2200133Ia 4500
008 240624s9999 xx 000 0 und d
041 _aeng
082 _a823 AUS
100 _aAUSTEN JANE
245 _aSENSE AND SENSIBILITY
260 _c2010
_aNew Delhi
_bHarperCollins
300 _aviii, 388 p.; 17 cm.
365 _cRS
999 _c28954
_d28954